UEM: un point de vue critique.

Otázky kladené po založení Európskej menovej únii a po dánskom zamietavom referende. Prevládali heslá: jeden trh, jedna mena. Vývoj zahraničného obchodu, devízový kurz a expanzia zahraničného obchodu krajín EHS. Poučenie z Nového Anglicka (USA). Európska menová únia a inflácia. (The Economist 13.6.1...

Full description

Saved in:
Bibliographic Details
Main Author: Feldstein, M.
Format: Book Chapter
Language:French
Subjects:
Tags: Add Tag
No Tags, Be the first to tag this record!

MARC

LEADER 00000naa a2200000 4500
001 r010500
005 20220913125252.6
041 0 |a fre 
044 |a FR 
245 1 0 |a UEM: un point de vue critique.  |c M. Feldstein 
520 |a Otázky kladené po založení Európskej menovej únii a po dánskom zamietavom referende. Prevládali heslá: jeden trh, jedna mena. Vývoj zahraničného obchodu, devízový kurz a expanzia zahraničného obchodu krajín EHS. Poučenie z Nového Anglicka (USA). Európska menová únia a inflácia. (The Economist 13.6.1992.). 
610 2 0 |a únie menové 
610 2 0 |a Európa 
610 2 0 |a obchod zahraničný 
610 2 0 |a kurz devízový 
610 2 0 |a mena 
610 2 0 |a inflácia 
610 2 0 |a EHS 
610 2 0 |a Dánsko 
100 1 |a Feldstein, M.